Umenie ľahko sa učiť Metódy, ktoré vám uľahčia učenie

Saved in:
Bibliographic Details
Main Author: Tepperwein, Kurt
Other Authors: Ivanová, Alena
Format: Book
Language:Slovak
Published: Šamorín Fontana 1992
Edition:1. vyd.
Subjects:
Tags: Add Tag
No Tags, Be the first to tag this record!

MARC

LEADER 00000nam a2200000 4500
001 c001089
005 20221214090827.5
020 |a 80-900492-7-3 
041 0 |a slo 
044 |a SK 
245 1 0 |a Umenie ľahko sa učiť  |b Metódy, ktoré vám uľahčia učenie  |c Kurt Tepperwein ; [Z nem. prel.] Alena Ivanová 
250 |a 1. vyd. 
264 1 |a Šamorín  |b Fontana  |c 1992 
300 |a 170 s. 
610 2 0 |a psychológia 
610 2 0 |a organizácia práce 
610 2 0 |a pedagogika 
100 1 |a Tepperwein, Kurt 
700 1 |a Ivanová, Alena